WOOD FOR BIOENERGY: FORESTS AS A RESOURCE FOR BIOMASS AND BIOFUELS (Record no. 216237)
[ view plain ]
| 000 -LEADER | |
|---|---|
| fixed length control field | 00458nam a22001577a 4500 |
| 008 - FIXED-LENGTH DATA ELEMENTS--GENERAL INFORMATION | |
| fixed length control field | 251120b |||||||| |||| 00| 0 eng d |
| 020 ## - INTERNATIONAL STANDARD BOOK NUMBER | |
| International Standard Book Number | 979-8-88715-074-1 |
| 100 ## - MAIN ENTRY--PERSONAL NAME | |
| Personal name | PATTRIK, LOUIS |
| 245 ## - TITLE STATEMENT | |
| Title | WOOD FOR BIOENERGY: FORESTS AS A RESOURCE FOR BIOMASS AND BIOFUELS |
| 260 ## - PUBLICATION, DISTRIBUTION, ETC. | |
| Place of publication, distribution, etc. | DUBLIN, OH |
| Name of publisher, distributor, etc. | ORYSON PRESS |
| 300 ## - PHYSICAL DESCRIPTION | |
| Extent | VIII, 286P. |
| 500 ## - GENERAL NOTE | |
| General note | INCLUDES INDEX |
| 650 ## - SUBJECT ADDED ENTRY | |
| Topical term or geographic name entry element | FUELWOOD-UNITED STATES-HISTORY |
| 942 ## - ADDED ENTRY ELEMENTS (KOHA) | |
| Source of classification or shelving scheme | Library of Congress Classification |
| Koha item type | Long Loan Book |
| Withdrawn status | Lost status | Source of classification or shelving scheme | Damaged status | Not for loan | Collection | Home library | Current library | Date acquired | Inventory number | Total checkouts | Full call number | Barcode | Date last seen | Copy number | Price effective from | Koha item type |
|---|---|---|---|---|---|---|---|---|---|---|---|---|---|---|---|---|
| Library of Congress Classification | Science & Technology | Kisii University Library | Kisii University Library | 11/20/2025 | 109899 | TP 359 .B48 P38 2023 | 000000000739 | 11/20/2025 | 1 | 11/20/2025 | Long Loan Book | |||||
| Library of Congress Classification | Science & Technology | Kisii University Library | Kisii University Library | 11/20/2025 | 109900 | TP 359 .B48 P38 2023 | 000000000744 | 11/20/2025 | 2 | 11/20/2025 | Long Loan Book | |||||
| Library of Congress Classification | Science & Technology | Kisii University Library | Kisii University Library | 11/20/2025 | 109901 | TP 359 .B48 P38 2023 | 000000000743 | 11/20/2025 | 3 | 11/20/2025 | Long Loan Book | |||||
| Library of Congress Classification | Science & Technology | Kisii University Library | Kisii University Library | 11/20/2025 | 109902 | TP 359 .B48 P38 2023 | 000000000740 | 11/20/2025 | 4 | 11/20/2025 | Long Loan Book |